LEADER 00798nam0 2200265 450 001 000013363 005 20080620141937.0 010 $a88-02-04326-4 100 $a20080620d1990----km-y0itay50------ba 101 0 $aita 102 $aIT 105 $ay-------001yy 200 1 $a<>pensiero economico$etemi, problemi e scuole$fa cura di Giacomo Becattini 210 $aTorino$cUTET$dc1990 215 $aXXIX, 416 p.$d25 cm 225 2 $aBiblioteca dell'economista$h8. ser.$v3 410 0$12001$aBiblioteca dell'economista 610 1 $aEconomia$aSaggi 676 $a330$v21$9Economia 702 1$aBecattini,$bGiacomo 801 0$aIT$bUNIPARTHENOPE$c20080620$gRICA$2UNIMARC 912 $a000013363 951 $aCollana$b6866$cNAVA2 996 $aPensiero economico$9197546 997 $aUNIPARTHENOPE LEADER 01733nas 2200517-a 450 001 996207379003316 005 20240413025839.0 011 $a1977-3374 035 $a(DE-599)ZDB2650861-8 035 $a(CKB)991042731891878 035 $a(CONSER)---95648340- 035 $a(EXLCZ)99991042731891878 100 $a19950328a19949999 -f- - 101 0 $aeng 135 $aurun||||||||| 181 $ctxt$2rdacontent 182 $cc$2rdamedia 183 $acr$2rdacarrier 200 00$aGeneral report on the activities of the European Union /$fEuropean Commission 210 $aBrussels $cEuropean Commission$d©1995- 215 $a1 online resource 311 08$aPrint version: 1608-7321 (DLC) 95648340 (OCoLC)32213873 517 1 $aGen. rep. EU 517 1 $aGeneral report 531 0 $aGen. rep. act. Eur. Union 606 $aUnion européenne$vPériodiques 606 $aECONOMIC INTEGRATION$2unbist 606 $aREGIONAL COOPERATION$2unbist 606 $aEUROPE$2unbist 606 $aACTIVITIES$2unbist 607 $aPays de l'Union européenne$xRelations économiques extérieures$vPériodiques 607 $aPays de l'Union européenne$xPolitique sociale$vPériodiques 607 $aPays de l'Union européenne$xPolitique économique$vPériodiques 608 $aPeriodicals.$2fast 608 $aPeriodicals.$2lcgft 615 6$aUnion européenne 615 17$aECONOMIC INTEGRATION. 615 17$aREGIONAL COOPERATION. 615 17$aEUROPE. 615 27$aACTIVITIES. 712 02$aEuropean Commission. 906 $aJOURNAL 912 $a996207379003316 920 $aexl_impl conversion 996 $aGeneral report on the activities of the European Union$92161282 997 $aUNISA